State the obvious if you want to avoid claims for accidents (Record no. 77667)
[ view plain ]
| 000 -LEADER | |
|---|---|
| fixed length control field | 01476cab a2200229 4500 |
| 001 - CONTROL NUMBER | |
| control field | ##L134829 |
| 008 - FIXED-LENGTH DATA ELEMENTS--GENERAL INFORMATION | |
| fixed length control field | 060904n2006 000 0 eng u |
| 035 ## - SYSTEM CONTROL NUMBER | |
| System control number | (Sirsi) u134829 |
| 041 0# - LANGUAGE CODE | |
| Language code of text/sound track or separate title | eng |
| 100 1# - MAIN ENTRY--PERSONAL NAME | |
| Personal name | Bell, James |
| 245 00 - TITLE STATEMENT | |
| Title | State the obvious if you want to avoid claims for accidents |
| 260 ## - PUBLICATION, DISTRIBUTION, ETC. | |
| Date of publication, distribution, etc. | 2006 |
| 490 #0 - SERIES STATEMENT | |
| Series statement | Construction News |
| Volume/sequential designation | (6981) 24 August 2006, 41(1) |
| 520 ## - SUMMARY, ETC. | |
| Summary, etc. | Discusses "Smith and Another v S Notaro Ltd and Another" ([2006] EWCA Civ 775, unreported) which considered the application of the Manual Handling Operations Regulations 1992 and the Construction (Health, Safety and Welfare) Regulations 1996 following an employee's manual handling accident. It was found that employer Plumbase had breached Reg 4 of the 1992 Regulations as it had not given employee Smith training on how to carry heavy loads over uneven surfaces. However, as building owner Notaro was responsible for the unsafe walkway and had breached the 1996 Regulations, CA concluded that Plumbase's liability was one third and Notaro's two thirds. Emphasises the importance for employers to comply fully with their obligations under the 1992 Regulations. |
| 590 ## - LOCAL NOTE (RLIN) | |
| Local note | IKA050906 |
| 650 24 - SUBJECT ADDED ENTRY--TOPICAL TERM | |
| Topical term or geographic name entry element | SMITH AND ANOTHER V S NOTARO LTD AND ANOTHER |
| 650 24 - SUBJECT ADDED ENTRY--TOPICAL TERM | |
| Topical term or geographic name entry element | MANUAL HANDLING OPERATIONS REGULATIONS 1992 REG 4 |
| 650 24 - SUBJECT ADDED ENTRY--TOPICAL TERM | |
| Topical term or geographic name entry element | CONSTRUCTION (HEALTH, SAFETY AND WELFARE) REGULATIONS 1996 |
| 651 #4 - SUBJECT ADDED ENTRY--GEOGRAPHIC NAME | |
| Geographic name | England and Wales |
| Chronological subdivision | 1543- |
| 690 ## - LOCAL SUBJECT ADDED ENTRY--TOPICAL TERM (OCLC, RLIN) | |
| Topical term or geographic name as entry element | Health and safety |
| 9 (RLIN) | 6244 |
| 942 ## - ADDED ENTRY ELEMENTS (KOHA) | |
| Suppress in OPAC | 0 |
| Withdrawn status | Lost status | Source of classification or shelving scheme | Damaged status | Not for loan | Home library | Current library | Shelving location | Date acquired | Total Checkouts | Full call number | Barcode | Date last seen | Copy number | Price effective from | Koha item type |
|---|---|---|---|---|---|---|---|---|---|---|---|---|---|---|---|
| Dewey Decimal Classification | London | London | Journal article | 04/09/2006 | L134829 | 134829-1001 | 06/08/2019 | 1 | 06/08/2019 | Journal article |